| 000 | 00881cam a2200253Ia 4500 | ||
|---|---|---|---|
| 999 |
_c3755 _d3755 |
||
| 001 | 226674 | ||
| 003 | GBCCL | ||
| 005 | 20241126110502.0 | ||
| 008 | 980914s1998 flu b 000 0 eng d | ||
| 035 | _a(OCoLC)ocm39865559 | ||
| 035 | _a(OCoLC)39865559 | ||
| 040 |
_aSBI _cSBI _dOCLCQ |
||
| 049 | _aLBBK | ||
| 082 |
_a223.206 _bZEM |
||
| 090 |
_aBS1450 _b119th .Z45, 1998 |
||
| 100 | 1 |
_aZemek, George J. _97415 |
|
| 245 | 1 | 4 |
_aThe Word of God in the child of God : _bexegetical, theological and homiletical reflections from the 119th Psalm / _cby George J. Zemek. |
| 260 |
_a[Mango, FL : _bs.n., _c1998?] |
||
| 300 |
_axiv, 431 p. ; _c24 cm. |
||
| 500 | _aIncludes an appendix of Hebrew diagrammatical analyses (p.388- 431). | ||
| 504 | _aIncludes bibliographical references. | ||
| 630 | 0 | 0 |
_aBible. _pO.T. _pPsalms _pCXIX _xCriticism, interpretation, etc. _97579 |
| 942 |
_2ddc _cBK _01 |
||